[Event "Bundesliga 9798"]
[Site "Deutschland"]
[Date "1997.??.??"]
[Round "?.6"]
[White "Klebel, Martin"]
[Black "Lau, Ralf"]
[Result "1-0"]
[WhiteElo "2410"]
[BlackElo "2495"]
[PlyCount "109"]
[EventDate "1997.10.??"]
[EventType "team"]
[EventRounds "15"]
[EventCountry "GER"]
[SourceTitle "Bundesliga 9798"]
[Source "DeepChess"]
[SourceDate "2005.01.01"]
[SourceVersion "1"]
[SourceVersionDate "2005.01.01"]
[SourceQuality "1"]
[WhiteTeam "SK Passau 1869"]
[BlackTeam "SG 1868 Aljech. Solingen"]
[WhiteTeamCountry "GER"]
[BlackTeamCountry "GER"]

1. d4 Nf6 2. Nf3 e6 3. c4 c5 4. e3 d6 5. Nc3 Nbd7 6. Be2 a6 7. O-O Be7 8. b3
O-O 9. Bb2 b6 10. Qc2 Bb7 11. Rad1 Rc8 12. d5 exd5 13. cxd5 b5 14. e4 Ne8 15.
a4 bxa4 16. Nxa4 Bf6 17. Nd2 Nc7 18. Bg4 Rb8 19. Bxd7 Bxb2 20. Qxb2 Qxd7 21.
Nc4 f6 22. f4 Nb5 23. Nab6 Qc7 24. e5 fxe5 25. fxe5 dxe5 26. Qxe5 Qxe5 27. Nxe5
Nc3 28. Rxf8+ Rxf8 29. Rd2 Ne4 30. Rd3 Nf6 31. h3 Re8 32. Nec4 Rd8 33. d6 Bc6
34. Ne5 Bb5 35. Rd1 Kf8 36. g4 h6 37. Kg2 Ke8 38. Kf3 Kf8 39. Kf4 Ne8 40. Nbc4
Bxc4 41. Nxc4 Nf6 42. Kf5 Ke8 43. Ne5 Nd7 44. Nc6 Rc8 45. Re1+ Kf8 46. Ke6 Nf6
47. Ne5 Re8+ 48. Kf5 Kg8 49. Rd1 Rf8 50. Ng6 Rd8 51. Ke6 Kh7 52. Ne7 Ne4 53.
Nf5 Re8+ 54. Kf7 Re5 55. Nxg7 1-0

[Event "Bundesliga 9798"]
[Site "Deutschland"]
[Date "1997.??.??"]
[Round "?.8"]
[White "Kaiser, Wolfgang"]
[Black "Reeh, Oliver"]
[Result "1-0"]
[WhiteElo "2400"]
[BlackElo "2425"]
[PlyCount "121"]
[EventDate "1997.10.??"]
[EventType "team"]
[EventRounds "15"]
[EventCountry "GER"]
[SourceTitle "Bundesliga 9798"]
[Source "DeepChess"]
[SourceDate "2005.01.01"]
[SourceVersion "1"]
[SourceVersionDate "2005.01.01"]
[SourceQuality "1"]
[WhiteTeam "SK Passau 1869"]
[BlackTeam "SG 1868 Aljech. Solingen"]
[WhiteTeamCountry "GER"]
[BlackTeamCountry "GER"]

1. Nf3 g6 2. g3 Bg7 3. Bg2 Nf6 4. O-O O-O 5. b3 c5 6. Bb2 Nc6 7. c4 d6 8. d3 e5
9. Nc3 h6 10. Nd2 Be6 11. Nde4 Ne8 12. Nd5 Bxd5 13. cxd5 Ne7 14. Nd2 f5 15. f4
Nf6 16. e4 Ng4 17. Nc4 exf4 18. Bxg7 Kxg7 19. gxf4 b5 20. h3 Nf6 21. Ne3 Qd7
22. a4 b4 23. Qd2 Rae8 24. Rae1 Kh7 25. Nc4 Neg8 26. Qf2 fxe4 27. dxe4 Nh5 28.
Qe3 Ne7 29. Qd2 g5 30. fxg5 Ng6 31. Rxf8 Rxf8 32. e5 Nhf4 33. exd6 hxg5 34. Qe3
Kh6 35. Bf1 Qf5 36. Qe4 Nxh3+ 37. Bxh3 Qxh3 38. Qh1 Qxh1+ 39. Kxh1 Rd8 40. Re6
Kg7 41. Kh2 Nf4 42. Re7+ Kf6 43. Rxa7 Rh8+ 44. Kg1 g4 45. Kf2 Nxd5 46. a5 Nc3
47. Re7 Nb5 48. Rb7 Nd4 49. a6 Rh2+ 50. Kg3 Ra2 51. a7 Kg5 52. Rg7+ Kf6 53. d7
Ne6 54. Rh7 Nd8 55. Rh8 Rxa7 56. Rxd8 Ke7 57. Rh8 Rxd7 58. Rh7+ Ke6 59. Rxd7
Kxd7 60. Kxg4 Ke6 61. Kf4 1-0

[Event "Bundesliga 9798"]
[Site "Deutschland"]
[Date "1998.??.??"]
[Round "?.1"]
[White "Jussupow, Artur"]
[Black "Baklan, Vladimir"]
[Result "0-1"]
[WhiteElo "2640"]
[BlackElo "2570"]
[PlyCount "88"]
[EventDate "1997.10.??"]
[EventType "team"]
[EventRounds "15"]
[EventCountry "GER"]
[SourceTitle "Bundesliga 9798"]
[Source "DeepChess"]
[SourceDate "2005.01.01"]
[SourceVersion "1"]
[SourceVersionDate "2005.01.01"]
[SourceQuality "1"]
[WhiteTeam "SG 1868 Aljech. Solingen"]
[BlackTeam "SK Zaehringen 1921"]
[WhiteTeamCountry "GER"]
[BlackTeamCountry "GER"]

1. d4 Nf6 2. c4 c5 3. d5 b5 4. cxb5 a6 5. bxa6 g6 6. Nc3 Bxa6 7. e4 Bxf1 8.
Kxf1 d6 9. g3 Bg7 10. Kg2 O-O 11. Nf3 Nbd7 12. Re1 Ng4 13. Nd2 Nge5 14. Qe2 Nb6
15. f4 Ned7 16. Nf3 Na4 17. Nd1 Qc8 18. e5 Qb7 19. Qe4 Kh8 20. b3 Nab6 21. Nc3
f5 22. Qd3 e6 23. exd6 exd5 24. Re7 Nc8 25. Rxg7 Kxg7 26. Nxd5 Nxd6 27. Bb2+
Kh6 28. Kg1 c4 29. Qf1 g5 30. Nxg5 Nc5 31. Rd1 Nd3 32. Rxd3 cxd3 33. Qh3+ Kg6
34. Nf3 Qxd5 35. Ne5+ Qxe5 36. fxe5 d2 37. Qf1 Ne4 38. Bc1 Rfd8 39. Bxd2 Rxd2
40. e6 Rdxa2 41. e7 Nf6 42. Qf3 Ra1+ 43. Kg2 R8a2+ 44. Kh3 Re1 0-1

[Event "Bundesliga 9798"]
[Site "Deutschland"]
[Date "1998.??.??"]
[Round "?.4"]
[White "Maier, Christian"]
[Black "Gabriel, Christian"]
[Result "0-1"]
[WhiteElo "2380"]
[BlackElo "2575"]
[PlyCount "60"]
[EventDate "1997.10.??"]
[EventType "team"]
[EventRounds "15"]
[EventCountry "GER"]
[SourceTitle "Bundesliga 9798"]
[Source "DeepChess"]
[SourceDate "2005.01.01"]
[SourceVersion "1"]
[SourceVersionDate "2005.01.01"]
[SourceQuality "1"]
[WhiteTeam "SK Zaehringen 1921"]
[BlackTeam "SG 1868 Aljech. Solingen"]
[WhiteTeamCountry "GER"]
[BlackTeamCountry "GER"]

1. e4 e5 2. Nf3 Nc6 3. d3 Nf6 4. c3 a5 5. Be2 d5 6. Nbd2 Bc5 7. Qc2 O-O 8. h3
Qe7 9. g4 Rd8 10. Nf1 dxe4 11. dxe4 Nd7 12. Bc4 Kh8 13. Ng5 Rf8 14. Ng3 Nb6 15.
Bd5 f6 16. Nf3 Nd8 17. a4 Nxd5 18. exd5 Qf7 19. Qd3 c6 20. Ne4 b6 21. dxc6 Nxc6
22. Be3 Ba6 23. Qc2 Rfd8 24. Ned2 Rd3 25. Bxc5 bxc5 26. O-O-O Qa2 27. Nh4 Rb8
28. Nb1 e4 29. Nf5 Rxd1+ 30. Rxd1 Bd3 0-1

[Event "Bundesliga 9798"]
[Site "Deutschland"]
[Date "1998.??.??"]
[Round "?.6"]
[White "Roos, Jean Luc"]
[Black "Chandler, Murray G"]
[Result "0-1"]
[WhiteElo "2310"]
[BlackElo "2555"]
[PlyCount "78"]
[EventDate "1997.10.??"]
[EventType "team"]
[EventRounds "15"]
[EventCountry "GER"]
[SourceTitle "Bundesliga 9798"]
[Source "DeepChess"]
[SourceDate "2005.01.01"]
[SourceVersion "1"]
[SourceVersionDate "2005.01.01"]
[SourceQuality "1"]
[WhiteTeam "SK Zaehringen 1921"]
[BlackTeam "SG 1868 Aljech. Solingen"]
[WhiteTeamCountry "GER"]
[BlackTeamCountry "GER"]

1. e4 c5 2. Nc3 Nc6 3. g3 g6 4. Bg2 Bg7 5. d3 d6 6. f4 e6 7. Nf3 Nge7 8. O-O
O-O 9. Be3 Nd4 10. Bf2 Nxf3+ 11. Qxf3 Bd7 12. Be3 Bc6 13. Qf2 Qb6 14. Rab1 Rac8
15. Ne2 Qa6 16. a3 f5 17. Rfd1 b6 18. b4 fxe4 19. dxe4 Qc4 20. Rxd6 Bxe4 21.
bxc5 bxc5 22. Rd7 Nf5 23. g4 Bxg2 24. gxf5 Bc6 25. Rxa7 Rxf5 26. Ng3 Rd5 27.
Re7 Rcd8 28. Qe2 Qxe2 29. Nxe2 e5 30. Nc3 R5d7 31. Re6 exf4 32. Bxc5 Rc8 33.
Rb3 Rd2 34. Bb6 Rxc2 35. Rxc6 Rxc6 36. Nd5 Re6 37. Bf2 Be5 38. Rb7 f3 39. Bh4
Bd4+ 0-1

[Event "Bundesliga 9798"]
[Site "Deutschland"]
[Date "1998.??.??"]
[Round "?.7"]
[White "Bischoff, Klaus"]
[Black "Schuh, Hubert"]
[Result "1-0"]
[WhiteElo "2535"]
[BlackElo "2305"]
[PlyCount "59"]
[EventDate "1997.10.??"]
[EventType "team"]
[EventRounds "15"]
[EventCountry "GER"]
[SourceTitle "Bundesliga 9798"]
[Source "DeepChess"]
[SourceDate "2005.01.01"]
[SourceVersion "1"]
[SourceVersionDate "2005.01.01"]
[SourceQuality "1"]
[WhiteTeam "SG 1868 Aljech. Solingen"]
[BlackTeam "SK Zaehringen 1921"]
[WhiteTeamCountry "GER"]
[BlackTeamCountry "GER"]

1. c4 Nf6 2. Nc3 c5 3. g3 g6 4. Bg2 Bg7 5. a3 Nc6 6. Rb1 a6 7. b4 cxb4 8. axb4
b5 9. cxb5 axb5 10. Nxb5 Rb8 11. Qa4 O-O 12. Nc3 Bb7 13. b5 Ne5 14. Bxb7 Rxb7
15. f4 Neg4 16. h3 Nh6 17. g4 Qb6 18. Nf3 Nhxg4 19. hxg4 Nxg4 20. d4 e6 21. Bd2
Rc8 22. Ra1 d5 23. Qa6 Bf8 24. Qxb6 Rxb6 25. Ra4 Ne3 26. Ne5 Rb7 27. Kf2 Nf5
28. Rha1 Nd6 29. Ra7 Rxa7 30. Rxa7 $138 1-0

[Event "Bundesliga 9798"]
[Site "Deutschland"]
[Date "1998.??.??"]
[Round "?.8"]
[White "Vatter, Hans Joachim"]
[Black "Lau, Ralf"]
[Result "0-1"]
[WhiteElo "2265"]
[BlackElo "2495"]
[PlyCount "74"]
[EventDate "1997.10.??"]
[EventType "team"]
[EventRounds "15"]
[EventCountry "GER"]
[SourceTitle "Bundesliga 9798"]
[Source "DeepChess"]
[SourceDate "2005.01.01"]
[SourceVersion "1"]
[SourceVersionDate "2005.01.01"]
[SourceQuality "1"]
[WhiteTeam "SK Zaehringen 1921"]
[BlackTeam "SG 1868 Aljech. Solingen"]
[WhiteTeamCountry "GER"]
[BlackTeamCountry "GER"]

1. e4 d5 2. exd5 Qxd5 3. Nc3 Qa5 4. d4 Nf6 5. Nf3 c6 6. Bc4 Bf5 7. Ne5 e6 8.
O-O Nbd7 9. Nxd7 Nxd7 10. Qe2 Nf6 11. h3 Be7 12. Bb3 Rd8 13. Be3 O-O 14. Rad1
Rd7 15. Nb1 Nd5 16. Nd2 Nxe3 17. fxe3 Bf6 18. c3 Rfd8 19. e4 Bg6 20. Kh1 h6 21.
Rde1 b5 22. Qg4 Kh7 23. e5 Be7 24. Ne4 b4 25. Re3 bxc3 26. bxc3 Qa6 27. Rf2 c5
28. dxc5 Qa3 29. Rg3 Qc1+ 30. Kh2 Rd1 31. Bxd1 Rxd1 32. Rgf3 h5 33. Qf4 Rh1+
34. Kg3 h4+ 35. Kg4 Bf5+ 36. Qxf5+ exf5+ 37. Rxf5 Qd1+ 0-1

[Event "Bundesliga 9798"]
[Site "Deutschland"]
[Date "1998.??.??"]
[Round "?.1"]
[White "Rozentalis, Eduardas"]
[Black "Adams, Michael"]
[Result "0-1"]
[WhiteElo "2645"]
[BlackElo "2680"]
[PlyCount "48"]
[EventDate "1997.10.??"]
[EventType "team"]
[EventRounds "15"]
[EventCountry "GER"]
[SourceTitle "Bundesliga 9798"]
[Source "DeepChess"]
[SourceDate "2005.01.01"]
[SourceVersion "1"]
[SourceVersionDate "2005.01.01"]
[SourceQuality "1"]
[WhiteTeam "SV Castrop Rauxel 1923"]
[BlackTeam "SG 1868 Aljech. Solingen"]
[WhiteTeamCountry "GER"]
[BlackTeamCountry "GER"]

1. e4 Nf6 2. e5 Nd5 3. g3 d6 4. exd6 exd6 5. Bg2 Nf6 6. d4 Be7 7. Nf3 O-O 8.
O-O d5 9. Ne5 c6 10. Nc3 Nbd7 11. f4 Nxe5 12. dxe5 Ng4 13. Kh1 f6 14. h3 Nh6
15. exf6 Bxf6 16. g4 Bxc3 17. bxc3 Bxg4 18. hxg4 Qh4+ 19. Kg1 Nxg4 20. Rf3 Rae8
21. Bd2 Re4 22. f5 Rfe8 23. f6 gxf6 24. Bh3 Re2 0-1

[Event "Bundesliga 9798"]
[Site "Deutschland"]
[Date "1998.??.??"]
[Round "?.3"]
[White "Conquest, Stuart"]
[Black "Sadler, Matthew"]
[Result "1/2-1/2"]
[WhiteElo "2500"]
[BlackElo "2665"]
[PlyCount "82"]
[EventDate "1997.10.??"]
[EventType "team"]
[EventRounds "15"]
[EventCountry "GER"]
[SourceTitle "Bundesliga 9798"]
[Source "DeepChess"]
[SourceDate "2005.01.01"]
[SourceVersion "1"]
[SourceVersionDate "2005.01.01"]
[SourceQuality "1"]
[WhiteTeam "SV Castrop Rauxel 1923"]
[BlackTeam "SG 1868 Aljech. Solingen"]
[WhiteTeamCountry "GER"]
[BlackTeamCountry "GER"]

1. c4 e5 2. Nc3 Nc6 3. g3 g6 4. Rb1 Bg7 5. b4 f5 6. b5 Nce7 7. Qb3 c5 8. bxc6
dxc6 9. f4 e4 10. e3 Nf6 11. c5 Ned5 12. Nxd5 Nxd5 13. Bc4 O-O 14. Ne2 Be6 15.
Bb2 Rb8 16. Bxg7 Kxg7 17. Nd4 Bf7 18. O-O Qa5 19. Qb2 Kg8 20. Nb3 Qc7 21. Rfc1
b6 22. cxb6 axb6 23. Nd4 c5 24. Nb5 Qd7 25. a3 Rfe8 26. Qa2 Red8 27. Rc2 h5 28.
Qa1 Kh7 29. Qe5 Rb7 30. Be2 Re8 31. Qb2 Re7 32. Kf2 Nc7 33. Qc3 Nd5 34. Qb2 Qd8
35. Nc3 Nxc3 36. Qxc3 Red7 37. a4 Ra7 38. Rcb2 Rd6 39. Bb5 Be6 40. h4 Bd7 41.
Bxd7 Raxd7 1/2-1/2

[Event "Bundesliga 9798"]
[Site "Deutschland"]
[Date "1998.??.??"]
[Round "?.4"]
[White "Gabriel, Christian"]
[Black "Hoffmann, Michael"]
[Result "1-0"]
[WhiteElo "2575"]
[BlackElo "2440"]
[PlyCount "77"]
[EventDate "1997.10.??"]
[EventType "team"]
[EventRounds "15"]
[EventCountry "GER"]
[SourceTitle "Bundesliga 9798"]
[Source "DeepChess"]
[SourceDate "2005.01.01"]
[SourceVersion "1"]
[SourceVersionDate "2005.01.01"]
[SourceQuality "1"]
[WhiteTeam "SG 1868 Aljech. Solingen"]
[BlackTeam "SV Castrop Rauxel 1923"]
[WhiteTeamCountry "GER"]
[BlackTeamCountry "GER"]

1. c4 Nf6 2. Nc3 c5 3. g3 e6 4. Nf3 b6 5. Bg2 Bb7 6. O-O a6 7. Re1 d5 8. cxd5
Nxd5 9. e4 Nxc3 10. bxc3 c4 11. Qe2 Qc7 12. Bf1 b5 13. a4 Nd7 14. axb5 axb5 15.
Rxa8+ Bxa8 16. d3 cxd3 17. Qxd3 Bc5 18. Rd1 Ke7 19. Qxb5 Rd8 20. Bf4 Qc6 21.
Qa5 Qb6 22. Qxb6 Bxb6 23. Bd6+ Ke8 24. Bb5 f6 25. Nd4 Bxd4 26. Rxd4 Rc8 27. f3
e5 28. Ra4 Bc6 29. Rc4 Bb7 30. Rxc8+ Bxc8 31. Kf2 Kd8 32. c4 Nb6 33. Bb4 Nd7
34. Bd6 Nb6 35. c5 Na8 36. Bc4 Nc7 37. Bg8 h6 38. Bf8 Be6 39. Bh7 1-0

[Event "Bundesliga 9798"]
[Site "Deutschland"]
[Date "1998.??.??"]
[Round "?.6"]
[White "Chandler, Murray G"]
[Black "Appel, Ralf"]
[Result "1/2-1/2"]
[WhiteElo "2555"]
[BlackElo "2495"]
[PlyCount "57"]
[EventDate "1997.10.??"]
[EventType "team"]
[EventRounds "15"]
[EventCountry "GER"]
[SourceTitle "Bundesliga 9798"]
[Source "DeepChess"]
[SourceDate "2005.01.01"]
[SourceVersion "1"]
[SourceVersionDate "2005.01.01"]
[SourceQuality "1"]
[WhiteTeam "SG 1868 Aljech. Solingen"]
[BlackTeam "SV Castrop Rauxel 1923"]
[WhiteTeamCountry "GER"]
[BlackTeamCountry "GER"]

1. e4 Nf6 2. e5 Nd5 3. d4 d6 4. Nf3 Bg4 5. Be2 e6 6. O-O Be7 7. c4 Nb6 8. h3
Bh5 9. Nc3 O-O 10. Be3 N8d7 11. b3 a6 12. Rc1 dxe5 13. Nxe5 Bxe2 14. Qxe2 Nxe5
15. dxe5 Nd7 16. Rfd1 Qc8 17. Qh5 Rd8 18. Ne4 Nf8 19. Bg5 Bxg5 20. Qxg5 Ng6 21.
h4 h6 22. Qg3 Kf8 23. Nc5 Kg8 24. h5 Ne7 25. Qf4 b6 26. Ne4 Kf8 27. Ng3 Rxd1+
28. Rxd1 Qe8 29. Qd4 1/2-1/2

[Event "Bundesliga 9798"]
[Site "Deutschland"]
[Date "1998.??.??"]
[Round "?.7"]
[White "Brendel, Oliver"]
[Black "Bischoff, Klaus"]
[Result "0-1"]
[WhiteElo "2425"]
[BlackElo "2535"]
[PlyCount "77"]
[EventDate "1997.10.??"]
[EventType "team"]
[EventRounds "15"]
[EventCountry "GER"]
[SourceTitle "Bundesliga 9798"]
[Source "DeepChess"]
[SourceDate "2005.01.01"]
[SourceVersion "1"]
[SourceVersionDate "2005.01.01"]
[SourceQuality "1"]
[WhiteTeam "SV Castrop Rauxel 1923"]
[BlackTeam "SG 1868 Aljech. Solingen"]
[WhiteTeamCountry "GER"]
[BlackTeamCountry "GER"]

1. e4 c5 2. Nf3 d6 3. d4 cxd4 4. Nxd4 Nf6 5. Nc3 a6 6. Be3 e5 7. Nb3 Be6 8. Qd2
Nbd7 9. f3 h5 10. O-O-O Be7 11. Kb1 Qc7 12. g3 O-O 13. h3 b5 14. g4 Nb6 15.
Bxb6 Qxb6 16. g5 Nd7 17. h4 g6 18. Nd5 Bxd5 19. Qxd5 Qc7 20. Nd2 Rac8 21. Rc1
Nb6 22. Qb3 Rfd8 23. c4 Na4 24. Be2 Qa5 25. Rc2 Nc5 26. Qa3 Qxa3 27. bxa3 Ne6
28. Nb3 Nf4 29. Bf1 Rb8 30. Rhh2 b4 31. axb4 Rxb4 32. Rhd2 Rdb8 33. c5 dxc5 34.
Rd7 Kf8 35. Bxa6 Ne6 36. Kc1 Nd4 37. Nxd4 cxd4 38. Rc8+ Rxc8+ 39. Bxc8 $138 0-1

[Event "Bundesliga 9798"]
[Site "Deutschland"]
[Date "1998.??.??"]
[Round "?.8"]
[White "Lau, Ralf"]
[Black "Hennig, Dirk"]
[Result "1-0"]
[WhiteElo "2495"]
[BlackElo "2435"]
[PlyCount "39"]
[EventDate "1997.10.??"]
[EventType "team"]
[EventRounds "15"]
[EventCountry "GER"]
[SourceTitle "Bundesliga 9798"]
[Source "DeepChess"]
[SourceDate "2005.01.01"]
[SourceVersion "1"]
[SourceVersionDate "2005.01.01"]
[SourceQuality "1"]
[WhiteTeam "SG 1868 Aljech. Solingen"]
[BlackTeam "SV Castrop Rauxel 1923"]
[WhiteTeamCountry "GER"]
[BlackTeamCountry "GER"]

1. e4 c6 2. d4 d5 3. Nc3 g6 4. h3 Bg7 5. Nf3 Nh6 6. Be2 O-O 7. O-O f6 8. Re1
Nf7 9. Bf1 b6 10. a3 Na6 11. Bf4 e5 12. Bg3 dxe4 13. Nxe4 exd4 14. Bc4 b5 15.
Bxf7+ Rxf7 16. Nd6 Re7 17. Nxd4 Bd7 18. Qf3 Rxe1+ 19. Rxe1 Qb6 20. Qb3+ 1-0

[Event "Bundesliga 9798"]
[Site "Deutschland"]
[Date "1998.??.??"]
[Round "?.1"]
[White "Jussupow, Artur"]
[Black "Epishin, Vladimir"]
[Result "1/2-1/2"]
[WhiteElo "2640"]
[BlackElo "2570"]
[PlyCount "79"]
[EventDate "1997.10.??"]
[EventType "team"]
[EventRounds "15"]
[EventCountry "GER"]
[SourceTitle "Bundesliga 9798"]
[Source "DeepChess"]
[SourceDate "2005.01.01"]
[SourceVersion "1"]
[SourceVersionDate "2005.01.01"]
[SourceQuality "1"]
[WhiteTeam "SG 1868 Aljech. Solingen"]
[BlackTeam "SV Empor Berlin e.V."]
[WhiteTeamCountry "GER"]
[BlackTeamCountry "GER"]

1. d4 Nf6 2. c4 e6 3. Nc3 Bb4 4. e3 c5 5. Bd3 d5 6. Nf3 cxd4 7. exd4 dxc4 8.
Bxc4 Qc7 9. Qe2 O-O 10. O-O Bxc3 11. bxc3 Nbd7 12. Bd2 b6 13. Rfe1 Bb7 14. Bd3
Nd5 15. Qe4 N5f6 16. Qe2 Nd5 17. Qe4 N5f6 18. Qh4 Bxf3 19. gxf3 Qc6 20. Re3
Rfd8 21. Kh1 Nf8 22. Rg1 Ng6 23. Qh3 Rd5 24. Ree1 Rad8 25. Rc1 Rh5 26. Qg3 Ne8
27. Be4 Qd7 28. Bg5 f6 29. Bd2 Nd6 30. Bxg6 hxg6 31. Qxg6 Qf7 32. Qd3 Ra5 33.
c4 Rxa2 34. d5 Ne8 35. Rce1 b5 36. Be3 Ra4 37. dxe6 Rxd3 38. exf7+ Kxf7 39.
cxb5 Nc7 40. Ra1 1/2-1/2

[Event "Bundesliga 9798"]
[Site "Deutschland"]
[Date "1998.??.??"]
[Round "?.4"]
[White "Volke, Karsten"]
[Black "Gabriel, Christian"]
[Result "0-1"]
[WhiteElo "2455"]
[BlackElo "2575"]
[PlyCount "74"]
[EventDate "1997.10.??"]
[EventType "team"]
[EventRounds "15"]
[EventCountry "GER"]
[SourceTitle "Bundesliga 9798"]
[Source "DeepChess"]
[SourceDate "2005.01.01"]
[SourceVersion "1"]
[SourceVersionDate "2005.01.01"]
[SourceQuality "1"]
[WhiteTeam "SV Empor Berlin e.V."]
[BlackTeam "SG 1868 Aljech. Solingen"]
[WhiteTeamCountry "GER"]
[BlackTeamCountry "GER"]

1. d4 Nf6 2. c4 e6 3. Nf3 d5 4. Nc3 c6 5. cxd5 exd5 6. Qc2 Be7 7. Bg5 Nbd7 8.
e3 O-O 9. Bd3 Re8 10. O-O Nf8 11. Bxf6 Bxf6 12. b4 Bg4 13. Nd2 Be7 14. Rab1 a6
15. Rfe1 Bd6 16. Nf1 Bh5 17. Na4 Bg6 18. Nc5 Bxd3 19. Qxd3 Qc7 20. Rec1 Ng6 21.
a4 Ne7 22. Qc2 Nc8 23. b5 axb5 24. axb5 Nb6 25. Qb3 Nc4 26. bxc6 bxc6 27. Qb7
Qxb7 28. Rxb7 Bxc5 29. dxc5 g6 30. g4 Ra2 31. Rcb1 Ne5 32. R1b6 Re6 33. h3 Nd3
34. f3 Ne1 35. f4 Nf3+ 36. Kh1 Rxe3 37. Rb2 Re2 0-1

[Event "Bundesliga 9798"]
[Site "Deutschland"]
[Date "1998.??.??"]
[Round "?.5"]
[White "Huebner, Robert"]
[Black "Thinius, Marco"]
[Result "1-0"]
[WhiteElo "2580"]
[BlackElo "2310"]
[PlyCount "63"]
[EventDate "1997.10.??"]
[EventType "team"]
[EventRounds "15"]
[EventCountry "GER"]
[SourceTitle "Bundesliga 9798"]
[Source "DeepChess"]
[SourceDate "2005.01.01"]
[SourceVersion "1"]
[SourceVersionDate "2005.01.01"]
[SourceQuality "1"]
[WhiteTeam "SG 1868 Aljech. Solingen"]
[BlackTeam "SV Empor Berlin e.V."]
[WhiteTeamCountry "GER"]
[BlackTeamCountry "GER"]

1. e4 e5 2. Nf3 Nc6 3. Bb5 Nf6 4. Qe2 a6 5. Bxc6 dxc6 6. d3 Nd7 7. Nbd2 c5 8.
Nc4 f6 9. Nh4 Qe7 10. f4 Nb6 11. Qh5+ Qf7 12. Qxf7+ Kxf7 13. Nxb6 cxb6 14. fxe5
fxe5 15. Nf3 Bd6 16. O-O Ke7 17. Bg5+ Ke8 18. h3 h6 19. Bd2 Kd7 20. Nh4 Ke6 21.
Nf5 Rg8 22. Rf3 Bf8 23. Rg3 g5 24. Ne3 Be7 25. Nd5 Bd8 26. Rf1 Bd7 27. Bc3 b5
28. Rf5 b4 29. Bxe5 Bc6 30. Nf4+ Kd7 31. Rf7+ Ke8 32. Rh7 1-0

[Event "Bundesliga 9798"]
[Site "Deutschland"]
[Date "1998.??.??"]
[Round "?.6"]
[White "Richter, Michael"]
[Black "Bischoff, Klaus"]
[Result "0-1"]
[WhiteElo "2370"]
[BlackElo "2535"]
[PlyCount "83"]
[EventDate "1997.10.??"]
[EventType "team"]
[EventRounds "15"]
[EventCountry "GER"]
[SourceTitle "Bundesliga 9798"]
[Source "DeepChess"]
[SourceDate "2005.01.01"]
[SourceVersion "1"]
[SourceVersionDate "2005.01.01"]
[SourceQuality "1"]
[WhiteTeam "SV Empor Berlin e.V."]
[BlackTeam "SG 1868 Aljech. Solingen"]
[WhiteTeamCountry "GER"]
[BlackTeamCountry "GER"]

1. d4 Nf6 2. Nf3 e6 3. e3 b6 4. Bd3 Bb7 5. Nbd2 c5 6. O-O cxd4 7. exd4 Be7 8.
c4 O-O 9. b3 d5 10. Bb2 Nbd7 11. Qe2 Re8 12. Rac1 g6 13. Rfd1 Rc8 14. Ne5 dxc4
15. bxc4 Nxe5 16. Qxe5 Bf8 17. Qe2 Bh6 18. Rc2 Bc6 19. Nb3 Bg7 20. f3 Re7 21.
Be4 Rd7 22. Rcd2 Ba4 23. d5 Qe7 24. d6 Qd8 25. c5 Ne8 26. Bxg7 Kxg7 27. cxb6
Qxb6+ 28. Qf2 Bxb3 29. Qxb6 axb6 30. axb3 Rcd8 31. Kf2 Rxd6 32. Rxd6 Rxd6 33.
Rc1 Rd2+ 34. Ke3 Rb2 35. Rc3 Nf6 36. Kd4 Rxg2 37. Kc4 Nxe4 38. fxe4 Rxh2 39.
Kb5 Re2 40. Rc4 h5 41. Kxb6 h4 42. Kc5 0-1

[Event "Bundesliga 9798"]
[Site "Deutschland"]
[Date "1998.??.??"]
[Round "?.8"]
[White "Apel, Stefan"]
[Black "Reeh, Oliver"]
[Result "1/2-1/2"]
[WhiteElo "2305"]
[BlackElo "2425"]
[PlyCount "61"]
[EventDate "1997.10.??"]
[EventType "team"]
[EventRounds "15"]
[EventCountry "GER"]
[SourceTitle "Bundesliga 9798"]
[Source "DeepChess"]
[SourceDate "2005.01.01"]
[SourceVersion "1"]
[SourceVersionDate "2005.01.01"]
[SourceQuality "1"]
[WhiteTeam "SV Empor Berlin e.V."]
[BlackTeam "SG 1868 Aljech. Solingen"]
[WhiteTeamCountry "GER"]
[BlackTeamCountry "GER"]

1. e4 c5 2. Nf3 d6 3. d4 cxd4 4. Nxd4 Nf6 5. Nc3 Nc6 6. Be2 e5 7. Nf3 h6 8. O-O
Be7 9. Re1 O-O 10. h3 Be6 11. Bf1 Nb8 12. b3 a6 13. a4 Nbd7 14. Bb2 Rc8 15. a5
Re8 16. Nd2 Rc5 17. Na2 Rxa5 18. Nc4 Rc5 19. Ba3 Bxc4 20. Bxc4 Rc8 21. Bxd6
Bxd6 22. Qxd6 Nc5 23. Qxd8 Rexd8 24. f3 Rd2 25. Re2 Rd4 26. Rf2 Nh5 27. Re1 Nf4
28. Bf1 Rcd8 29. g3 Nfe6 30. Nc3 Nc7 31. f4 1/2-1/2

[Event "Bundesliga 9798"]
[Site "Deutschland"]
[Date "1997.??.??"]
[Round "?.1"]
[White "Votava, Jan"]
[Black "Jussupow, Artur"]
[Result "1/2-1/2"]
[WhiteElo "2515"]
[BlackElo "2640"]
[PlyCount "28"]
[EventDate "1997.10.??"]
[EventType "team"]
[EventRounds "15"]
[EventCountry "GER"]
[SourceTitle "Bundesliga 9798"]
[Source "DeepChess"]
[SourceDate "2005.01.01"]
[SourceVersion "1"]
[SourceVersionDate "2005.01.01"]
[SourceQuality "1"]
[WhiteTeam "SV Erfurt West 90"]
[BlackTeam "SG 1868 Aljech. Solingen"]
[WhiteTeamCountry "GER"]
[BlackTeamCountry "GER"]

1. Nf3 Nf6 2. c4 e6 3. g3 d5 4. Bg2 dxc4 5. Qa4+ Nbd7 6. Qxc4 c5 7. Qc2 Rb8 8.
O-O b6 9. d4 Bb7 10. Nc3 Rc8 11. Rd1 cxd4 12. Nxd4 Bxg2 13. Kxg2 Qc7 14. Bg5
Be7 1/2-1/2